| 000 | 02145nam0a2200385 4500 | ||
|---|---|---|---|
| 001 | RU\NLR\BIBL_A\012570699 | ||
| 005 | 20260406174816.0 | ||
| 010 |
_9300 _d40 к. |
||
| 021 |
_aRU _b81-91857 |
||
| 035 | _a(NLR Aleph) 012570699 | ||
| 090 |
_a12490234 _c12490234 |
||
| 100 | _a20111201d1981 |||y0rusy50 ca | ||
| 101 | 0 | _arus | |
| 102 | _aRU | ||
| 105 | _ay z|||1|||| | ||
| 181 | 0 |
_ai _baxxe |
|
| 182 | 0 | _an | |
| 200 | 1 |
_aПроблемы развития лесной промышленности и лесного хозяйства Карелии в XI пятилетке _eтезисы докладов научно-технической конференции, посвященной 30-летию лесоинженерного факультета (27-28 ноября 1981 г.) _fПетрозаводский государственный университет им. О.В. Куусинена _g[редкол.: Питухин А.В. (отв. ред.) и др.] |
|
| 203 |
_aТекст _bвизуальный _cнепосредственный |
||
| 210 |
_aПетрозаводск _cПетрозаводский государственный университет _d1981 |
||
| 215 |
_a90 с. _d20 |
||
| 606 | 1 |
_aЛесное хозяйство _jСъезды, совещания и т.п. _yКарельская АССР _91307595 _3RU\NLR\AUTH\66542143 |
|
| 606 | 1 |
_aЛесная промышленность _jСъезды, совещания и т.п. _yКарельская АССР _91492799 _3RU\NLR\AUTH\66643132 |
|
| 686 |
_aП3(2Р31)я431(2) _2rubbk |
||
| 686 |
_aУ9(2Р-6Кар)я431(2) _2rubbk |
||
| 686 | _aУ34(2)1(2Р-6Кар)я431(2) | ||
| 686 | 1 | _aУ30(2)61(2Р-6Ка)я431(2) | |
| 702 | 1 |
_aПитухин _bА. В. _gАлександр Васильевич _4340 |
|
| 712 | 0 | 2 |
_4475 _aПетрозаводский государственный университет _bЛесоинженерный факультет _3RU\NLR\AUTH\889942914 _9380886 |
| 801 | 2 |
_aRU _bNLR _c20111209 _grcr |
|
| 852 |
_aNLR _j82-4/9826 |
||
| 942 | _cBOOK | ||
| 980 | _aNB | ||